Central Library OPAC University of Rajshahi

General microbiology / (Record no. 12502)

MARC details
000 -LEADER
fixed length control field 00807nam a2200289 a 4500
001 - CONTROL NUMBER
control field 12502
003 - CONTROL NUMBER IDENTIFIER
rucl marc code BD-RjUL
005 - DATE AND TIME OF LATEST TRANSACTION
control field 20211208235315.0
008 - FIXED-LENGTH DATA ELEMENTS--GENERAL INFORMATION
fixed length control field 140129s2007 ii a b 001 0 eng d
020 ## - INTERNATIONAL STANDARD BOOK NUMBER
International Standard Book Number 8172334206
International Standard Book Number 8172334214
035 ## - SYSTEM CONTROL NUMBER
System control number (BD-RjUL)12551
040 ## - CATALOGING SOURCE
Original cataloging agency BD-RjUL
Transcribing agency BD-RjUL
Language of cataloging eng
041 ## - LANGUAGE CODE
Language code of text/sound track or separate title eng
060 #0 - NATIONAL LIBRARY OF MEDICINE CALL NUMBER
Classification number QW 4 B789g
082 ## - DEWEY DECIMAL CLASSIFICATION NUMBER
Classification number 576
Edition number 19
Author mark and year JAG 2007
100 1# - MAIN ENTRY--PERSONAL NAME
Personal name Jamaluddin
9 (RLIN) 38921
245 10 - TITLE STATEMENT
Title General microbiology /
Statement of responsibility, etc. Jamaluddin; Naveen Malaviya
260 ## - PUBLICATION, DISTRIBUTION, ETC. (IMPRINT)
Place of publication, distribution, etc. India (Jodhpur) :
Name of publisher, distributor, etc. Scientific Publisher,
Date of publication, distribution, etc. 2007.
300 ## - PHYSICAL DESCRIPTION
Pagination 434 p. :
Illustrations ill ;
Size 23 cm
504 ## - BIBLIOGRAPHY, ETC. NOTE
Bibliography, etc Includes bibliographies and index
650 #0 - SUBJECT ADDED ENTRY--TOPICAL TERM
Topical term or geographic name as entry element Microbiology
9 (RLIN) 38922
Topical term or geographic name as entry element Microbiology
9 (RLIN) 38923
700 ## - ADDED ENTRY--PERSONAL NAME
Personal name Malaviya, Naveen.
942 ## - ADDED ENTRY ELEMENTS (KOHA)
Source of classification or shelving scheme Dewey Decimal Classification
Koha item type Books
Holdings
Lost status Source of classification or shelving scheme Damaged status Not for loan Collection code Permanent Location Current Location Shelving location Date acquired Source of acquisition Cost, normal purchase price Total Checkouts Full call number Date last seen Date checked out Copy number Koha item type
  Dewey Decimal Classification     Non-fiction Central Library, University of Rajshahi Central Library, University of Rajshahi   22/08/2010 paragon Interprises Dhaka 850.00 1 576 JAG 2007 27/05/2025 13/05/2025 C-2 Books
  Dewey Decimal Classification   Not For Loan Non-fiction Central Library, University of Rajshahi Central Library, University of Rajshahi Reading Room 22/08/2010 Paragogn Enterprise, Dhaka 850.00   576 JAG 2007 16/03/2017   C-1 Books